[Event "SF Stadtlohn 1 - SC Rochade Emsdetten 3"]
[Site "Verbandsklasse 2017/2018"]
[Date "2017.11.25"]
[Round "3.2"]
[White "Kloster, Daniel"]
[Black "Lücke, Thomas"]
[Result "0-1"]
[WhiteElo "1768"]
[BlackElo "1828"]
[PlyCount "102"]
[EventDate "2017.??.??"]
[SourceTitle "Verband Muensterland"]
[SourceDate "2017.09.30"]
[SourceVersion "1"]
[SourceVersionDate "2017.09.30"]
[SourceQuality "1"]

1. d4 Nf6 2. Nf3 e6 3. Bg5 d5 4. e3 Be7 5. Nbd2 c5 6. Bb5+ Bd7 7. Bxd7+ Nbxd7
8. c3 Qb6 9. Qc2 Qa6 10. Nb3 Rc8 11. dxc5 h6 12. Bxf6 Bxf6 13. Qe2 Qa4 14. O-O
O-O 15. Qd1 Qa6 16. Re1 Nxc5 17. Nxc5 Rxc5 18. Qe2 Qxe2 19. Rxe2 a5 20. Kf1
Rfc8 21. h3 b5 22. a3 b4 23. axb4 axb4 24. cxb4 Rc4 25. b5 Rb4 26. Rb1 Rxb5 27.
Nd4 Rb4 28. Rd2 Bxd4 29. exd4 Rcc4 30. Rbd1 Kf8 31. Ke2 Ke7 32. Ke3 Kf6 33. Ra1
Rb3+ 34. Ke2 Rcb4 35. Rb1 Kf5 36. f3 h5 37. Kf2 g5 38. g3 g4 39. hxg4+ hxg4 40.
fxg4+ Kxg4 41. Ke2 Rxg3 42. Rf1 Rg2+ 43. Rf2 Rxf2+ 44. Kxf2 Kf4 45. Ke1 Ke4 46.
Rf2 Kxd4 47. Rxf7 Rxb2 48. Rf4+ Kc5 49. Rf8 e5 50. Rc8+ Kd4 51. Rh8 e4 0-1

[Event "SF Stadtlohn 1 - SC Rochade Emsdetten 3"]
[Site "Verbandsklasse 2017/2018"]
[Date "2017.11.25"]
[Round "3.3"]
[White "Gerighausen, Karl-Heinz"]
[Black "Bußwolder, Peter"]
[Result "1/2-1/2"]
[WhiteElo "1659"]
[BlackElo "1758"]
[PlyCount "35"]
[EventDate "2017.??.??"]
[SourceTitle "Verband Muensterland"]
[SourceDate "2017.09.30"]
[SourceVersion "1"]
[SourceVersionDate "2017.09.30"]
[SourceQuality "1"]

1. e4 c5 2. Nc3 Nc6 3. f4 d6 4. Nf3 Nf6 5. Bb5 e6 6. d3 Be7 7. O-O Qc7 8. Qe2
Bd7 9. Bxc6 Bxc6 10. Bd2 d5 11. exd5 Nxd5 12. Nxd5 Bxd5 13. f5 O-O 14. c4 Bxf3
15. Rxf3 exf5 16. Rxf5 Bd6 17. g3 Rae8 18. Qf2 1/2-1/2

[Event "SF Stadtlohn 1 - SC Rochade Emsdetten 3"]
[Site "Verbandsklasse 2017/2018"]
[Date "2017.11.25"]
[Round "3.4"]
[White "Wensing, Herbert"]
[Black "Fehlings, Gerd"]
[Result "0-1"]
[WhiteElo "1689"]
[BlackElo "1754"]
[PlyCount "94"]
[EventDate "2017.??.??"]
[SourceTitle "Verband Muensterland"]
[SourceDate "2017.09.30"]
[SourceVersion "1"]
[SourceVersionDate "2017.09.30"]
[SourceQuality "1"]

1. e4 e6 2. d4 d5 3. Nd2 dxe4 4. Nxe4 Be7 5. Bd3 Nf6 6. Nf3 b6 7. Nxf6+ Bxf6 8.
Be4 c6 9. c3 O-O 10. O-O Bb7 11. Bf4 Qc8 12. Qc2 h6 13. a4 Nd7 14. b4 c5 15.
Bxb7 Qxb7 16. dxc5 Rac8 17. Rad1 bxc5 18. b5 c4 19. Rd2 Nb6 20. Be5 Bxe5 21.
Nxe5 Nd5 22. Rd4 Qe7 23. Nc6 Qc5 24. Re1 a6 25. Ne5 Qa3 26. Rc1 axb5 27. axb5
Nb6 28. Nd7 Nxd7 29. Rxd7 Qc5 30. Rb1 Rb8 31. Qa4 Rfc8 32. h3 e5 33. Qa6 Qb6
34. Qa7 Qxa7 35. Rxa7 Rb6 36. Rb4 f6 37. Ra6 Rcb8 38. Ra7 Rxb5 39. Rxc4 Rb1+
40. Kh2 R1b7 41. Ra5 Rd8 42. Rc6 Rd2 43. c4 Rxf2 44. c5 Rbb2 45. Rc8+ Kh7 46.
c6 Rxg2+ 47. Kh1 Rgc2 0-1

[Event "SF Stadtlohn 1 - SC Rochade Emsdetten 3"]
[Site "Verbandsklasse 2017/2018"]
[Date "2017.11.25"]
[Round "3.5"]
[White "Colmer, Willi"]
[Black "Pusch, Herbert"]
[Result "1-0"]
[WhiteElo "1773"]
[BlackElo "1543"]
[PlyCount "75"]
[EventDate "2017.??.??"]
[SourceTitle "Verband Muensterland"]
[SourceDate "2017.09.30"]
[SourceVersion "1"]
[SourceVersionDate "2017.09.30"]
[SourceQuality "1"]

1. d4 g6 2. c4 Bg7 3. Nc3 d6 4. Nf3 Nf6 5. e4 O-O 6. h3 a6 7. Be3 Nbd7 8. Be2
e5 9. d5 Qe7 10. Qc2 Kh8 11. Nh2 Ng8 12. g4 h6 13. Qd2 f6 14. h4 Rf7 15. g5
fxg5 16. hxg5 Nf8 17. gxh6 Bf6 18. O-O-O Rh7 19. Rdg1 c6 20. Nf3 c5 21. Na4 Qd8
22. Bg5 Bd7 23. Nc3 b5 24. Bxf6+ Nxf6 25. Nh4 Be8 26. Qe3 b4 27. Nd1 Ng8 28. f4
exf4 29. Qxf4 Qe7 30. Nf2 Qf6 31. Qg3 Rxh6 32. Nf5 Rxh1 33. Rxh1+ Nh7 34. Rxh7+
Kxh7 35. Qh3+ Nh6 36. Qxh6+ Kg8 37. Ng4 Qh8 38. Ne7+ 1-0

[Event "SF Stadtlohn 1 - SC Rochade Emsdetten 3"]
[Site "Verbandsklasse 2017/2018"]
[Date "2017.11.25"]
[Round "3.6"]
[White "Schlattmann, Martin"]
[Black "Schulte, Ralf"]
[Result "0-1"]
[WhiteElo "1755"]
[BlackElo "1730"]
[PlyCount "146"]
[EventDate "2017.??.??"]
[SourceTitle "Verband Muensterland"]
[SourceDate "2017.09.30"]
[SourceVersion "1"]
[SourceVersionDate "2017.09.30"]
[SourceQuality "1"]

1. d4 d5 2. Nf3 Nf6 3. c4 e6 4. Nc3 c6 5. Bg5 Be7 6. e3 Nbd7 7. Qc2 h6 8. Bh4
O-O 9. Bd3 dxc4 10. Bxc4 Nd5 11. Bxe7 Qxe7 12. Bxd5 exd5 13. O-O Re8 14. Rfe1
Nf6 15. Ne5 Ng4 16. Nxg4 Bxg4 17. f3 Bh5 18. Qf2 Rad8 19. a3 Qf6 20. Rad1 Re7
21. Rd2 Rde8 22. b4 a6 23. e4 dxe4 24. Rxe4 Bg6 25. Rxe7 Rxe7 26. Na4 Qe6 27.
Nc5 Qc4 28. Qf1 Qc3 29. Re2 Qxd4+ 30. Rf2 a5 31. Ne4 Bxe4 32. fxe4 Rxe4 33.
bxa5 Qe5 34. Qd3 Re3 35. Qd8+ Kh7 36. Rf1 Rxa3 37. Qd7 Qe3+ 38. Kh1 Qe6 39.
Qxb7 Rxa5 40. Qb1+ g6 41. Qb4 Rf5 42. Rb1 Rb5 43. Qe1 Qxe1+ 44. Rxe1 c5 45. Rc1
c4 46. Kg1 Rc5 47. Kf2 Kg7 48. Ke3 Kf6 49. Kd4 Rc7 50. Rxc4 Rxc4+ 51. Kxc4 Ke5
52. Kd3 Kf4 53. Ke2 h5 54. Kf2 h4 55. Ke2 g5 56. Kf2 g4 57. Ke2 Ke4 58. Kf2 f5
59. Ke2 f4 60. Kf2 f3 61. g3 hxg3+ 62. hxg3 Kd3 63. Kf1 Ke4 64. Kf2 Kd3 65. Kf1
f2 66. Kxf2 Kd2 67. Kf1 Ke3 68. Ke1 Kf3 69. Kf1 Kxg3 70. Kg1 Kf3 71. Kf1 g3 72.
Kg1 g2 73. Kh2 Kf2 0-1

[Event "SF Stadtlohn 1 - SC Rochade Emsdetten 3"]
[Site "Verbandsklasse 2017/2018"]
[Date "2017.11.25"]
[Round "3.7"]
[White "Bahr, Maximilian"]
[Black "Schley, Alfred"]
[Result "1-0"]
[WhiteElo "1676"]
[BlackElo "1710"]
[PlyCount "79"]
[EventDate "2017.??.??"]
[SourceTitle "Verband Muensterland"]
[SourceDate "2017.09.30"]
[SourceVersion "1"]
[SourceVersionDate "2017.09.30"]
[SourceQuality "1"]

1. b4 d5 2. Bb2 Bf5 3. e3 Nd7 4. c4 e6 5. b5 Ngf6 6. Nc3 dxc4 7. Bxc4 Ne5 8.
Qa4 Bd3 9. Bb3 Bg6 10. Bc4 Nxc4 11. Qxc4 Bd3 12. Qb3 Be7 13. Nge2 O-O 14. Nf4
Bf5 15. d4 Bd6 16. Nce2 Nd5 17. Nh5 Qg5 18. Nhg3 Bb4+ 19. Nc3 Nxe3 20. fxe3
Qxe3+ 21. Nge2 Ba5 22. Bc1 Qe4 23. O-O Bxc3 24. Nxc3 Qxd4+ 25. Kh1 Rad8 26. Bf4
Bd3 27. Rf3 Be4 28. Be3 Qe5 29. Rg3 Rd7 30. Rc1 Bg6 31. Ne2 Rfd8 32. Nf4 Be4
33. Nh3 Rd3 34. Bf4 Bxg2+ 35. Rxg2 Rxb3 36. Bxe5 Rxh3 37. Bxg7 Rd7 38. Rcg1 f6
39. Bxf6+ Kf7 40. Rg7+ 1-0

[Event "SF Stadtlohn 1 - SC Rochade Emsdetten 3"]
[Site "Verbandsklasse 2017/2018"]
[Date "2017.11.25"]
[Round "3.8"]
[White "Hötzel, Michael"]
[Black "Willermann, Norbert"]
[Result "1/2-1/2"]
[WhiteElo "1527"]
[BlackElo "1621"]
[PlyCount "78"]
[EventDate "2017.??.??"]
[SourceTitle "Verband Muensterland"]
[SourceDate "2017.09.30"]
[SourceVersion "1"]
[SourceVersionDate "2017.09.30"]
[SourceQuality "1"]

1. e4 c5 2. Nf3 d6 3. Nc3 Nf6 4. e5 dxe5 5. Nxe5 Nbd7 6. Nf3 g6 7. g3 Bg7 8.
Bg2 O-O 9. O-O Rb8 10. Re1 b6 11. d3 Bb7 12. Bf4 Rc8 13. Rb1 Nd5 14. Nxd5 Bxd5
15. c4 Bb7 16. Bh3 e6 17. Ne5 Nxe5 18. Bxe5 Bxe5 19. Rxe5 Qd4 20. Re3 Rcd8 21.
Qe2 Rd6 22. Bg2 Bxg2 23. Kxg2 Rfd8 24. Rd1 Qf6 25. a3 Rd4 26. Rd2 Qe7 27. Re4
Qb7 28. f3 R4d6 29. Kf2 Qd7 30. Re3 Rd4 31. b3 a6 32. Qd1 b5 33. Ke2 Qd6 34.
Re4 e5 35. Rxd4 exd4 36. Kf2 Re8 37. Re2 Qd7 38. Rxe8+ Qxe8 39. Qe2 Kf8 1/2-1/2

[Event "SK Gescher 1 - Indische Dame Münster 1"]
[Site "Verbandsklasse 2017/2018"]
[Date "2017.11.25"]
[Round "3.1"]
[White "Knispel-Roth, Martin"]
[Black "Eißing, Christoph"]
[Result "0-1"]
[WhiteElo "1889"]
[BlackElo "1991"]
[PlyCount "84"]
[EventDate "2017.??.??"]
[SourceTitle "Verband Muensterland"]
[SourceDate "2017.09.30"]
[SourceVersion "1"]
[SourceVersionDate "2017.09.30"]
[SourceQuality "1"]

1. c4 Nf6 2. Nc3 g6 3. g3 Bg7 4. Bg2 O-O 5. e4 d6 6. Nge2 e5 7. O-O Nbd7 8. d3
a5 9. Bd2 Nc5 10. Qc2 c6 11. b3 Nfd7 12. a3 Qb6 13. Rab1 Ne6 14. b4 axb4 15.
axb4 f5 16. Bh3 Nd4 17. Nxd4 exd4 18. Ne2 fxe4 19. c5 Qd8 20. Bxd7 exd3 21.
Qxd3 Bxd7 22. cxd6 Bf5 23. Qc4+ Kh8 24. Nxd4 Bxb1 25. Rxb1 Qxd6 26. Be3 Qd5 27.
Qxd5 cxd5 28. Ne6 Rf7 29. Rd1 Ra1 30. Rxa1 Bxa1 31. Kf1 Re7 32. Nd4 Re4 33. Nc2
Bc3 34. Ke2 Bxb4 35. Kd3 Rc4 36. Bd4+ Kg8 37. Ne3 Rc1 38. Nxd5 Bc5 39. Be3 Bxe3
40. fxe3 Kf7 41. e4 Rh1 42. e5 Ke6 0-1

[Event "SK Gescher 1 - Indische Dame Münster 1"]
[Site "Verbandsklasse 2017/2018"]
[Date "2017.11.25"]
[Round "3.2"]
[White "Priebs, Ludger"]
[Black "Frie, Michael"]
[Result "1/2-1/2"]
[WhiteElo "1721"]
[BlackElo "1893"]
[PlyCount "48"]
[EventDate "2017.??.??"]
[SourceTitle "Verband Muensterland"]
[SourceDate "2017.09.30"]
[SourceVersion "1"]
[SourceVersionDate "2017.09.30"]
[SourceQuality "1"]

1. d4 Nf6 2. Bf4 g6 3. Nc3 Bg7 4. e4 d6 5. h3 O-O 6. Nf3 c6 7. Qd2 Nbd7 8. Bd3
e5 9. dxe5 dxe5 10. Be3 Qe7 11. O-O Nc5 12. Rfd1 Rd8 13. Qe2 Nh5 14. Bg5 f6 15.
Bc4+ Be6 16. Bxe6+ Qxe6 17. Be3 Bf8 18. Rxd8 Rxd8 19. Rd1 Rxd1+ 20. Qxd1 Ng7
21. Qd8 Ne8 22. Qa5 Na6 23. a3 Nd6 24. Nd2 Nc8 1/2-1/2

[Event "SK Gescher 1 - Indische Dame Münster 1"]
[Site "Verbandsklasse 2017/2018"]
[Date "2017.11.25"]
[Round "3.3"]
[White "Tenberge, Norbert"]
[Black "Lanfer, Stefanie"]
[Result "0-1"]
[WhiteElo "1819"]
[BlackElo "1810"]
[PlyCount "90"]
[EventDate "2017.??.??"]
[SourceTitle "Verband Muensterland"]
[SourceDate "2017.09.30"]
[SourceVersion "1"]
[SourceVersionDate "2017.09.30"]
[SourceQuality "1"]

1. d4 Nf6 2. g3 g6 3. Bg2 Bg7 4. e4 d6 5. c4 O-O 6. Nc3 Nbd7 7. Nf3 e5 8. O-O
c6 9. Rb1 exd4 10. Nxd4 Ne5 11. Qb3 Nfd7 12. Nce2 Nc5 13. Qc2 a5 14. b3 h5 15.
h4 Re8 16. Bd2 Ned3 17. a3 Ne5 18. b4 axb4 19. axb4 Ne6 20. Rfd1 Nxd4 21. Nxd4
Bg4 22. Rdc1 Qe7 23. f4 Nd7 24. Bc3 Nf6 25. Re1 Qc7 26. Kh1 d5 27. cxd5 cxd5
28. e5 Ne4 29. Rbc1 Nxg3+ 30. Kh2 Nf5 31. Qf2 Qe7 32. Nxf5 Bxf5 33. Bxd5 Red8
34. Red1 Ra3 35. Be1 Rh3+ 36. Kg2 Bg4 37. Rd2 Ra8 38. Ra2 Rxa2 39. Bxa2 Rf3 40.
Qd4 Bh6 41. Bg3 Ra3 42. Bd5 Qd7 43. Qe4 Bf3+ 44. Qxf3 Rxf3 45. Bxf3 Qd2+ 0-1

[Event "SK Gescher 1 - Indische Dame Münster 1"]
[Site "Verbandsklasse 2017/2018"]
[Date "2017.11.25"]
[Round "3.4"]
[White "Iking, Bernhard"]
[Black "ter Veen, Michael"]
[Result "1/2-1/2"]
[WhiteElo "1793"]
[BlackElo "1668"]
[PlyCount "41"]
[EventDate "2017.??.??"]
[SourceTitle "Verband Muensterland"]
[SourceDate "2017.09.30"]
[SourceVersion "1"]
[SourceVersionDate "2017.09.30"]
[SourceQuality "1"]

1. d4 d5 2. c4 e6 3. Nc3 Nf6 4. cxd5 exd5 5. Bg5 Be7 6. e3 c6 7. Bd3 Ne4 8.
Bxe7 Qxe7 9. Qc2 Bf5 10. Nge2 Nd7 11. Ng3 Nxg3 12. hxg3 Bxd3 13. Qxd3 Nf6 14.
Rb1 Ne4 15. b4 Nxc3 16. Qxc3 O-O 17. Ke2 Qd7 18. Rh4 Rfe8 19. Qd3 h6 20. b5 Re6
21. a4 1/2-1/2

[Event "SK Gescher 1 - Indische Dame Münster 1"]
[Site "Verbandsklasse 2017/2018"]
[Date "2017.11.25"]
[Round "3.5"]
[White "Glotzbach, Thomas"]
[Black "Stein, Michael"]
[Result "1/2-1/2"]
[WhiteElo "1750"]
[BlackElo "1690"]
[PlyCount "32"]
[EventDate "2017.??.??"]
[SourceTitle "Verband Muensterland"]
[SourceDate "2017.09.30"]
[SourceVersion "1"]
[SourceVersionDate "2017.09.30"]
[SourceQuality "1"]

1. e4 d5 2. exd5 Qxd5 3. Nc3 Qa5 4. d4 Nf6 5. Bd3 c6 6. Bd2 Qc7 7. Nf3 Bg4 8.
Be2 Nbd7 9. h3 Bh5 10. Nh4 Bxe2 11. Qxe2 O-O-O 12. O-O-O e5 13. dxe5 Qxe5 14.
Qc4 Qh5 15. Be3 Bc5 16. Bxc5 Nxc5 1/2-1/2

[Event "SK Gescher 1 - Indische Dame Münster 1"]
[Site "Verbandsklasse 2017/2018"]
[Date "2017.11.25"]
[Round "3.6"]
[White "Brands, Julian"]
[Black "Dittberner, Markus"]
[Result "1/2-1/2"]
[WhiteElo "1636"]
[BlackElo "1638"]
[PlyCount "42"]
[EventDate "2017.??.??"]
[SourceTitle "Verband Muensterland"]
[SourceDate "2017.09.30"]
[SourceVersion "1"]
[SourceVersionDate "2017.09.30"]
[SourceQuality "1"]

1. e4 c5 2. Nc3 d6 3. d3 g6 4. g3 Bg7 5. Bg2 Nc6 6. Be3 e5 7. Qd2 Nge7 8. Nge2
Nd4 9. Nd1 O-O 10. c3 Nxe2 11. Qxe2 Rb8 12. Qd2 Nc6 13. Bh6 b5 14. h4 Be6 15.
Bxg7 Kxg7 16. h5 g5 17. f4 f6 18. Ne3 h6 19. Bh3 Bxh3 20. Rxh3 Ne7 21. Rh2 b4
1/2-1/2

[Event "SK Gescher 1 - Indische Dame Münster 1"]
[Site "Verbandsklasse 2017/2018"]
[Date "2017.11.25"]
[Round "3.7"]
[White "Overesch, Dieter"]
[Black "Robers, Frank"]
[Result "1/2-1/2"]
[WhiteElo "1737"]
[BlackElo "1648"]
[PlyCount "40"]
[EventDate "2017.??.??"]
[SourceTitle "Verband Muensterland"]
[SourceDate "2017.09.30"]
[SourceVersion "1"]
[SourceVersionDate "2017.09.30"]
[SourceQuality "1"]

1. d4 Nf6 2. Nf3 g6 3. Bg5 Ne4 4. Bf4 Bg7 5. Nbd2 d5 6. e3 Nd6 7. c3 Nd7 8. Qb3
c6 9. Bd3 Qb6 10. O-O O-O 11. e4 dxe4 12. Nxe4 Nxe4 13. Bxe4 Qxb3 14. axb3 Nf6
15. Bd3 Nd5 16. Bg3 Bh6 17. Rfe1 Re8 18. b4 Bg7 19. b5 Bd7 20. Be4 f5 1/2-1/2

[Event "SK Gescher 1 - Indische Dame Münster 1"]
[Site "Verbandsklasse 2017/2018"]
[Date "2017.11.25"]
[Round "3.8"]
[White "Frieske, Hilmar"]
[Black "Kerkhoff, Werner"]
[Result "1-0"]
[WhiteElo "1720"]
[BlackElo "1539"]
[PlyCount "113"]
[EventDate "2017.??.??"]
[SourceTitle "Verband Muensterland"]
[SourceDate "2017.09.30"]
[SourceVersion "1"]
[SourceVersionDate "2017.09.30"]
[SourceQuality "1"]

1. e4 e6 2. d4 d5 3. Nc3 Nf6 4. Bg5 dxe4 5. Nxe4 Nbd7 6. Nf3 Be7 7. Nxf6+ Nxf6
8. Bd3 O-O 9. O-O Nd5 10. Bxe7 Qxe7 11. c3 Nf4 12. Bc4 Bd7 13. Qd2 Qd6 14. Ne5
Nd5 15. Bd3 Rad8 16. f4 f6 17. Nc4 Qe7 18. Rae1 Qf7 19. f5 exf5 20. Bxf5 Bxf5
21. Rxf5 Qg6 22. Rf3 Rfe8 23. Ref1 Re6 24. Qd3 Qxd3 25. Rxd3 Rde8 26. Nd2 b5
27. h3 c6 28. Kh1 a5 29. Kg1 a4 30. Kh1 Kf7 31. b3 axb3 32. axb3 Ra8 33. Nf3
Ra3 34. Ng5+ Ke7 35. Nxe6 Kxe6 36. Rb1 f5 37. Kh2 g5 38. Rb2 Kf6 39. Rf3 h5 40.
c4 g4 41. hxg4 hxg4 42. Rf1 bxc4 43. bxc4 Ne3 44. Rc1 Rd3 45. Rb6 Rd2 46. Rxc6+
Kg5 47. Rg1 Rxd4 48. c5 Rd2 49. Re6 Kf4 50. c6 g3+ 51. Kh3 Rd8 52. Rh6 Kg5 53.
Rh4 f4 54. c7 Rc8 55. Rc1 Nd5 56. Rc5 Rxc7 57. Rxd5+ 1-0

[Event "SC Falke Saerbeck 1 - SC Klein-Berlin R"]
[Site "Verbandsklasse 2017/2018"]
[Date "2017.11.25"]
[Round "3.1"]
[White "Ratert, Matthias"]
[Black "Hegemann, Eike"]
[Result "1/2-1/2"]
[WhiteElo "1868"]
[BlackElo "1971"]
[PlyCount "112"]
[EventDate "2017.??.??"]
[SourceTitle "Verband Muensterland"]
[SourceDate "2017.09.30"]
[SourceVersion "1"]
[SourceVersionDate "2017.09.30"]
[SourceQuality "1"]

1. e4 c5 2. c3 Nf6 3. e5 Nd5 4. Nf3 Nc6 5. Bc4 e6 6. O-O Be7 7. d4 O-O 8. dxc5
Bxc5 9. Bxd5 exd5 10. Qxd5 d6 11. exd6 Bxd6 12. Rd1 Bc7 13. Qxd8 Nxd8 14. Be3
Bg4 15. Na3 a6 16. Nc4 Nc6 17. Bb6 Bf4 18. Re1 Rfe8 19. Nd4 Nxd4 20. Bxd4 Rxe1+
21. Rxe1 Be6 22. Nb6 Rd8 23. b3 Bd2 24. Re2 Bg5 25. g3 Bg4 26. Re5 f6 27. Re7
Bf3 28. Nd7 Bd2 29. Kf1 b5 30. Nc5 Kf8 31. Rd7 Re8 32. Be3 Bxe3 33. fxe3 Rxe3
34. Kf2 Rxc3 35. Ne6+ Ke8 36. Rxg7 Be4 37. Nc7+ Kf8 38. Ne6+ Ke8 39. Ra7 Bb1
40. Rxa6 Rc2+ 41. Kg1 Bxa2 42. Nd4 Rb2 43. Rxf6 Bxb3 44. Nxb3 Rxb3 45. Rh6 Kf7
46. Rxh7+ Kg6 47. Rh4 Rb2 48. Kf1 b4 49. Ke1 b3 50. Kd1 Rg2 51. Kc1 Kg5 52. Kb1
Kg6 53. Rg4+ Kh5 54. h3 Rh2 55. Rh4+ Kg5 56. Rh8 Kf6 1/2-1/2

[Event "SC Falke Saerbeck 1 - SC Klein-Berlin R"]
[Site "Verbandsklasse 2017/2018"]
[Date "2017.11.25"]
[Round "3.2"]
[White "Fayazi, Shahriar"]
[Black "Hauk, Viktor"]
[Result "1/2-1/2"]
[WhiteElo "1964"]
[BlackElo "1807"]
[PlyCount "42"]
[EventDate "2017.??.??"]
[SourceTitle "Verband Muensterland"]
[SourceDate "2017.09.30"]
[SourceVersion "1"]
[SourceVersionDate "2017.09.30"]
[SourceQuality "1"]

1. c4 e5 2. g3 Nf6 3. Bg2 Nc6 4. Nc3 Bb4 5. Nd5 Bc5 6. e3 O-O 7. Ne2 Nxd5 8.
cxd5 Ne7 9. O-O d6 10. d4 Bb6 11. h3 Nf5 12. dxe5 dxe5 13. b4 Bd7 14. a4 a6 15.
Qb3 Re8 16. Nc3 Nd6 17. Kh2 Qf6 18. Ne4 Nxe4 19. Bxe4 c6 20. Bb2 cxd5 21. Bxd5
Bc6 1/2-1/2

[Event "SC Falke Saerbeck 1 - SC Klein-Berlin R"]
[Site "Verbandsklasse 2017/2018"]
[Date "2017.11.25"]
[Round "3.3"]
[White "van Dijk, Guido"]
[Black "Fischer, Andreas"]
[Result "0-1"]
[WhiteElo "1739"]
[BlackElo "1912"]
[PlyCount "92"]
[EventDate "2017.??.??"]
[SourceTitle "Verband Muensterland"]
[SourceDate "2017.09.30"]
[SourceVersion "1"]
[SourceVersionDate "2017.09.30"]
[SourceQuality "1"]

1. e4 e5 2. Nf3 d6 3. d4 Nf6 4. Nc3 Nbd7 5. dxe5 dxe5 6. a3 c6 7. Be3 Qc7 8.
Bc4 Be7 9. h3 O-O 10. O-O Nc5 11. Nd2 b5 12. Ba2 Ne6 13. Bxe6 Bxe6 14. f4 exf4
15. Bxf4 Bd6 16. Be3 Rad8 17. Qf3 Nd7 18. Qh5 Ne5 19. Nf3 Nxf3+ 20. Rxf3 f6 21.
Bc5 Bxc5+ 22. Qxc5 Qb6 23. Qxb6 axb6 24. Rf2 Bf7 25. Rd1 Rxd1+ 26. Nxd1 Rd8 27.
Nc3 Bc4 28. g4 Bf7 29. Kg2 Kf8 30. Kf3 Ke7 31. h4 h5 32. gxh5 Bxh5+ 33. Kf4 Ke6
34. Ke3 Rh8 35. Rg2 g6 36. Kf4 Rd8 37. Ke3 Ke5 38. Rg3 Rd4 39. Rh3 b4 40. axb4
Rxb4 41. b3 b5 42. Rh2 Rd4 43. b4 Rc4 44. Na2 Rxe4+ 45. Kd3 Rd4+ 46. Ke3 f5 0-1

[Event "SC Falke Saerbeck 1 - SC Klein-Berlin R"]
[Site "Verbandsklasse 2017/2018"]
[Date "2017.11.25"]
[Round "3.4"]
[White "Hoge, Reinhard"]
[Black "Brinkmann, Franz-Josef"]
[Result "1-0"]
[WhiteElo "1846"]
[BlackElo "1758"]
[PlyCount "63"]
[EventDate "2017.??.??"]
[SourceTitle "Verband Muensterland"]
[SourceDate "2017.09.30"]
[SourceVersion "1"]
[SourceVersionDate "2017.09.30"]
[SourceQuality "1"]

1. c4 c5 2. g3 Nf6 3. Bg2 Nc6 4. Nf3 d5 5. cxd5 Nxd5 6. Nc3 e6 7. Qa4 Bd7 8.
Qb3 Na5 9. Qc2 Nb4 10. Qd1 Rb8 11. O-O Bd6 12. Ne4 Be7 13. d4 c4 14. Bf4 Rc8
15. Nd6+ Bxd6 16. Bxd6 Nd5 17. e4 Ne7 18. Re1 b6 19. d5 Nb7 20. Ba3 Nc5 21. Qd4
O-O 22. Qxc4 exd5 23. exd5 Nf5 24. Ne5 Nd6 25. Qf4 Bb5 26. Rad1 Re8 27. Bxc5
Rxc5 28. Nc6 Bxc6 29. dxc6 Rxe1+ 30. Rxe1 Nb5 31. b4 Rc2 32. Qe5 1-0

[Event "SC Falke Saerbeck 1 - SC Klein-Berlin R"]
[Site "Verbandsklasse 2017/2018"]
[Date "2017.11.25"]
[Round "3.5"]
[White "Huesmann, Stephan"]
[Black "Waltermann, Jens"]
[Result "0-1"]
[WhiteElo "1706"]
[BlackElo "1842"]
[PlyCount "60"]
[EventDate "2017.??.??"]
[SourceTitle "Verband Muensterland"]
[SourceDate "2017.09.30"]
[SourceVersion "1"]
[SourceVersionDate "2017.09.30"]
[SourceQuality "1"]

1. e4 g6 2. f4 Bg7 3. Nf3 d5 4. e5 h5 5. Be2 Nh6 6. O-O c5 7. d4 cxd4 8. Nxd4
O-O 9. f5 Nxf5 10. Nxf5 Bxf5 11. Rxf5 gxf5 12. a4 Nc6 13. e6 fxe6 14. Bxh5 Qb6+
15. Kh1 Qd4 16. Qe1 Qe5 17. Qh4 f4 18. Nd2 Qf6 19. Qh3 e5 20. Bg4 Nd4 21. Ra3
e4 22. c3 Nf5 23. c4 e6 24. cxd5 exd5 25. Rc3 Qe5 26. Qh5 Rf6 27. Rh3 Raf8 28.
Qh7+ Kf7 29. Rh5 Ke7 30. Rg5 Ng3+ 0-1

[Event "SC Falke Saerbeck 1 - SC Klein-Berlin R"]
[Site "Verbandsklasse 2017/2018"]
[Date "2017.11.25"]
[Round "3.6"]
[White "Bartsch, Jan"]
[Black "Pohlmeier, Ulrich"]
[Result "0-1"]
[WhiteElo "1703"]
[BlackElo "1602"]
[PlyCount "114"]
[EventDate "2017.??.??"]
[SourceTitle "Verband Muensterland"]
[SourceDate "2017.09.30"]
[SourceVersion "1"]
[SourceVersionDate "2017.09.30"]
[SourceQuality "1"]

1. b3 d5 2. Bb2 Bf5 3. e3 e6 4. Nf3 Nd7 5. d4 h6 6. Bd3 Bxd3 7. Qxd3 Ngf6 8.
Nbd2 Be7 9. O-O O-O 10. c4 c6 11. Rac1 Nh7 12. Ne5 Nxe5 13. dxe5 f6 14. Nf3 f5
15. Nd4 Qd7 16. cxd5 Qxd5 17. Qc4 Qxc4 18. Rxc4 Kf7 19. f4 Rfd8 20. Rc2 Rd7 21.
e4 Rad8 22. Nxf5 exf5 23. exf5 Rd2 24. Rfc1 g5 25. g3 gxf4 26. gxf4 Bb4 27.
Rxd2 Rxd2 28. e6+ Ke7 29. Be5 Bd6 30. Bc3 Rd3 31. Ba1 Bxf4 32. Rf1 Bg5 33. Be5
Bf6 34. Bf4 Ng5 35. Kg2 Rd5 36. h4 Ne4 37. Bxh6 Bxh4 38. Rf4 Bg5 39. Bxg5+ Nxg5
40. Rg4 Rxf5 41. Ra4 a6 42. Rb4 Rb5 43. Rh4 Kxe6 44. Rc4 Kd6 45. Kf2 Rd5 46.
Ke2 Ne6 47. Ke3 Ra5 48. a4 Rc5 49. Rb4 Kc7 50. Kd3 Rf5 51. Rh4 a5 52. Rh7+ Kb6
53. Kc4 Rf4+ 54. Kc3 Rf3+ 55. Kc4 Nc5 56. Rh5 Nxb3 57. Rh3 Nd2+ 0-1

[Event "SC Falke Saerbeck 1 - SC Klein-Berlin R"]
[Site "Verbandsklasse 2017/2018"]
[Date "2017.11.25"]
[Round "3.7"]
[White "Engfer, Klaus"]
[Black "Bartsch, Rainer"]
[Result "1-0"]
[WhiteElo "1564"]
[BlackElo "1741"]
[PlyCount "101"]
[EventDate "2017.??.??"]
[SourceTitle "Verband Muensterland"]
[SourceDate "2017.09.30"]
[SourceVersion "1"]
[SourceVersionDate "2017.09.30"]
[SourceQuality "1"]

1. e4 d5 2. exd5 Qxd5 3. Nf3 Nc6 4. Nc3 Qa5 5. d4 Bg4 6. Be2 Nf6 7. O-O e6 8.
Bd2 Qf5 9. h3 Bxf3 10. Bxf3 Nxd4 11. Bxb7 Rb8 12. Be3 Rxb7 13. Qxd4 Bd6 14.
Qa4+ Ke7 15. Ne2 Qe5 16. g3 c5 17. b3 Rd8 18. Rfe1 Qf5 19. h4 Qh3 20. Qc6 Rbd7
21. Bxc5 Bxc5 22. Qxc5+ Ke8 23. Nf4 Qg4 24. Qc6 Ke7 25. Qc5+ Ke8 26. Nd3 Ne4
27. Qc6 Nxf2 28. Kxf2 Qd4+ 29. Kg2 Kf8 30. Qe4 Qc3 31. Qb4+ Qxb4 32. Nxb4 Rd2+
33. Kf3 a5 34. Nc6 Rc8 35. Nxa5 Rc3+ 36. Re3 Rcxc2 37. Nc4 Rf2+ 38. Ke4 Ke7 39.
a4 Kd7 40. Rd3+ Kc7 41. a5 Rfe2+ 42. Kd4 f5 43. Rc3 e5+ 44. Kd3 Rxc3+ 45. Kxc3
Kb7 46. b4 f4 47. gxf4 exf4 48. Rf1 Re7 49. Rxf4 Kc6 50. Rd4 h6 51. Rd6+ 1-0